[Event "KEN-ch"]
[White "Otieno, George Ochieng"]
[Black "Eliel, Berur"]
[Site "Nairobi"]
[Round "2"]
[Result "1-0"]
[Date "2021.12.26"]
[WhiteElo "1783"]
[BlackElo "1533"]
[PlyCount "81"]
[EventDate "2021.12.26"]
[EventType "swiss"]
[EventRounds "9"]
[EventCountry "KEN"]
[SourceTitle "EXT 2023"]
[Source "ChessBase"]
[SourceDate "2022.10.05"]
[SourceVersion "1"]
[SourceVersionDate "2022.10.05"]
[SourceQuality "1"]

1. e4 c5 2. Nf3 d6 3. Nc3 Nf6 4. Be2 g6 5. d4 cxd4 6. Nxd4 Bg7 7. Be3 Nc6 8. f3 a6 9. Qd2 Bd7 10. 0-0 h5 11. Rad1 h4 12. Rfe1 h3 13. g3 Qc7 14. Bf1 Ne5 15. b3 Rc8 16. Nd5 Nxd5 17. exd5 Qc3 18. Qxc3 Rxc3 19. Kf2 Bc8 20. Rd2 Nd7 21. Ne2 Rc7 22. Bd4 Bxd4+ 23. Nxd4 Nc5 24. c4 Kf8 25. g4 Kg7 26. Kg3 Kf6 27. Bxh3 Kg7 28. Bf1 f5 29. h3 Kf6 30. b4 Na4 31. h4 Nb6 32. Rc2 Bd7 33. g5+ Kf7 34. f4 Rhc8 35. Bd3 Nxc4 36. Rec1 Bb5 37. h5 gxh5 38. Bxf5 Rh8 39. g6+ Ke8 40. Ne6 h4+ 41. Kh3 1-0

[Event "KEN-chT"]
[White "Ramesh, Vasanth"]
[Black "Otieno, George Ochieng"]
[Site "Nairobi"]
[Round "11.2"]
[Result "1-0"]
[Date "2019.04.14"]
[WhiteElo "1828"]
[BlackElo "1769"]
[PlyCount "95"]
[EventDate "2019.02.09"]
[EventType "team-tourn"]
[EventRounds "27"]
[EventCountry "KEN"]
[SourceTitle "CBM 192 Extra"]
[Source "Chessbase"]
[SourceDate "2019.11.06"]
[SourceVersion "1"]
[SourceVersionDate "2019.11.06"]
[SourceQuality "1"]
[WhiteTeam "Nairobi CC"]
[BlackTeam "Nairobi CA"]
[WhiteTeamCountry "KEN"]
[BlackTeamCountry "KEN"]

1. c4 e5 2. Nc3 Bb4 3. Qc2 Nc6 4. Nf3 Nf6 5. g3 0-0 6. Bg2 d6 7. 0-0 Bg4 8. e3 Qd7 9. Re1 Rfe8 10. a3 Bc5 11. b4 Bb6 12. Bb2 a6 13. Nd5 Nxd5 14. cxd5 Ne7 15. e4 Rf8 16. d4 f6 17. Qd3 Kh8 18. Nd2 Rae8 19. Nc4 Ba7 20. f3 Bh5 21. Kh1 Bg6 22. Qd2 b5 23. Na5 Bb6 24. Nb3 Ng8 25. Rac1 Nh6 26. dxe5 fxe5 27. Qc3 Nf7 28. f4 Nh6 29. f5 Ng4 30. h3 Nf2+ 31. Kh2 Bh5 32. Qd2 Qe7 33. Rf1 Nd1 34. Rcxd1 Bxd1 35. Qxd1 g6 36. Bc1 gxf5 37. exf5 Qg7 38. Nd2 Rf7 39. Ne4 Ref8 40. g4 h6 41. h4 Rg8 42. Bh3 Ra8 43. g5 hxg5 44. hxg5 a5 45. g6 Rff8 46. Qh5+ Kg8 47. f6 Qh8 48. Be6+ 1-0

[Event "KEN-chT"]
[White "Otieno, George Ochieng"]
[Black "Sudalaimuthu, Anish Sukumar"]
[Site "Nairobi"]
[Round "14.1"]
[Result "1-0"]
[Date "2017.08.05"]
[WhiteElo "1902"]
[BlackElo "1453"]
[PlyCount "65"]
[EventDate "2017.02.12"]
[EventType "team-tourn"]
[EventRounds "19"]
[EventCountry "KEN"]
[SourceTitle "EXT 2019"]
[Source "ChessBase"]
[SourceDate "2018.10.10"]
[SourceVersion "1"]
[SourceVersionDate "2018.10.10"]
[SourceQuality "1"]
[WhiteTeam "Nairobi CA"]
[BlackTeam "Nacha Kings"]
[WhiteTeamCountry "KEN"]
[BlackTeamCountry "KEN"]

1. e4 c5 2. Nf3 d6 3. d4 cxd4 4. Nxd4 Nf6 5. Nc3 g6 6. Be3 Bg7 7. f3 0-0 8. Bc4 Nc6 9. Qd2 Bd7 10. 0-0 Rc8 11. Bb3 Ne5 12. Bh6 Nc4 13. Bxc4 Rxc4 14. Bxg7 Kxg7 15. Kh1 Qb6 16. Nb3 Rfc8 17. Rad1 Kg8 18. Qg5 R8c7 19. Rd2 Bb5 20. Qxb5 Qxb5 21. Nxb5 Rd7 22. c3 a6 23. N5d4 d5 24. exd5 Nxd5 25. Nc2 Nf6 26. Rxd7 Nxd7 27. Rd1 Rc7 28. Ne3 Nf6 29. Nd5 Nxd5 30. Rxd5 Kg7 31. Kg1 Kf6 32. Kf2 Ke6 33. Rd8 1-0